Psychiatrie, Neurologie und medizinische Psychologie

গ্রন্থ-পঞ্জীর বিবরন
বিন্যাস: বৈদ্যুতিক পত্রিকা
ভাষা:English
প্রকাশিত: Franz Steiner Verlag
বিষয়গুলি:
অনলাইন ব্যবহার করুন:Full text available on JSTOR[1949-01-01 - 1990-12-01]
Off-campus access
LEADER 01063cas a2200217 a 4500
001 AALejournalJSTOR002313
008 230228c9999 xx r poo 0 0eng d
022 |a 0033-2739 
022 |a 2752-1230 
040 |a BD-DhAAL  |c BD-DhAAL 
245 0 0 |h [electronic resource]  |a Psychiatrie, Neurologie und medizinische Psychologie 
260 |b Franz Steiner Verlag 
300 |a 1 online resource 
362 0 |a Vol. 1,  |a no. 2-Jan 
500 |a <strong>Off-Campus Access:</strong> Athens ID and Password Required 
500 |a <strong>On-Campus Access:</strong> No User ID or Password Required 
506 |a Electronic access restricted to authorized BRAC University faculty, staff and students 
538 |a Mode of access: Internet 
650 4 |a Health Sciences ; Medicine & Allied Health ; Psychology ; Social Sciences 
856 4 0 |z Full text available on JSTOR[1949-01-01 - 1990-12-01]  |u https://www.jstor.org/journal/psycneurmedipsyc 
856 4 0 |z Off-campus access  |u https://go.openathens.net/redirector/bracu.ac.bd?url=https%3A%2F%2Fwww.jstor.org%2Fjournal%2Fpsycneurmedipsyc